| 000 | 00521nam a22001937a 4500 | ||
|---|---|---|---|
| 003 | CEME | ||
| 005 | 20210628202159.0 | ||
| 008 | 210115b xxu||||| |||| 00| 0 eng d | ||
| 020 | _a9780070260474 | ||
| 040 | _c. | ||
| 082 | _a006.76 PRE | ||
| 100 |
_aPressman, Roger S _917958 |
||
| 245 | _aWeb engineering:a practitioner's approach | ||
| 260 |
_aINDIA _bMCGRAW HILL _c2014 |
||
| 300 | _aXIV, 458P | ||
| 650 |
_aWEB ENGINEERING:A PRACTITIONER'S APPROACH _958622 |
||
| 700 |
_aLOWE, DAVID _958623 |
||
| 942 |
_cBK _2ddc |
||
| 999 |
_c568780 _d568780 |
||